Príčiny dlohovej krízy v Grécku

Príčiny vzniku dlhovej krízy v Grécku, jej priebeh od roku 2010 . Program pomoci, ktorý bol Grécku poskytnutý spoluprácou MMF, EÚ a ECB.

Gespeichert in:
Bibliographische Detailangaben
1. Verfasser: Rožová, Lucia
Format: Buchkapitel
Sprache:Slowakisch
Tags: Tag hinzufügen
Keine Tags, Fügen Sie das erste Tag hinzu!

MARC

LEADER 00000naa a2200000 4500
001 0252064
005 20221104111823.9
041 0 |a slo 
044 |a SK 
245 1 0 |a Príčiny dlohovej krízy v Grécku  |c Lucia Rožová 
520 |a Príčiny vzniku dlhovej krízy v Grécku, jej priebeh od roku 2010 . Program pomoci, ktorý bol Grécku poskytnutý spoluprácou MMF, EÚ a ECB. 
100 1 |a Rožová, Lucia